000 005830000a22002050004500
001 017422
005 20250617121119.0
008 130424t xxu||||| |||| 00| 0 eng d
020 _a0205333028
082 _a150 BAR
090 _c17422
_d17422
100 _aBaron, Robert A.
_966352
245 _aEssentials of psychology /
_cRobert A. Baron
250 _a3rd ed.
260 _aBoston : Allyn and Bacon
_c2002
300 _axxv, 600 p. :
_bcol. ill. ;
_c28 cm.
500 _aIncludesbiblographical references and index
650 _aPsychology
_966353
942 _cBOOK
_2ddc
_04
999 _c17422
_d17422